01230nam a2200313 i 4500003001000000005001700010007000300027008004100030020001800071040003500089082001000124100005500134245013800189250003200327264004900359300007100408336002900479337003300508338002800541490002600569504004400595505007100639600005000710650005100760700004500811700003300856942001200889999001500901CO-ViRNBM20220622153838.0ta220621s2002 sp ao||gr|||| 00| 0bspa d a9788497642897 aCO-ViRNBMbspacCO-ViRNBMerda04a923.21 aMontaño Orjuela, Santiago, d1965 -, eautor 9110aGandhi : bel mejor pensador del mundo /cSantiago Montaño Orjuela ; traducción María Lizcano Gracia ; ilustrador Omar Prieto.  aSegunda edición ampliada  1aBarcelona, España :bEdimat Libros, c2002 a193 páginas : bilustraciones y fotografías a color, c23 cm  2rdacontenidoatextobtxt 2rdamedioasin mediaciónbn 2rdasoporteavolumenbnc0 aGrandes biografías  aIncluye referencias bibliográficas.  aVolumen 1. Animales domésticos -- Volumen 2. Animales salvajes 14aGandhi, Mahatma,d1869-1948vBiografías 9217aPolíticos zIndia vBiografías 2ARMARC931 aLizcano Gracia, Maríaeilustradora 941 aPrieto, Omar etraductor 95 2ddccBK c9168d9168